دیوان کامل بی نظیر باباطاھر عریان ھمدانی / (Record no. 231841)
[ view plain ]
| 000 -LEADER | |
|---|---|
| fixed length control field | 00665nam a22001817a 4500 |
| 003 - CONTROL NUMBER IDENTIFIER | |
| control field | BD-DhUL |
| 005 - DATE AND TIME OF LATEST TRANSACTION | |
| control field | 20210214113147.0 |
| 008 - FIXED-LENGTH DATA ELEMENTS--GENERAL INFORMATION | |
| fixed length control field | 171108s1311 ir ||||| |||| 00| 0 per d |
| 040 ## - CATALOGING SOURCE | |
| Original cataloging agency | BD-DhUL |
| Transcribing agency | BD-DhUL |
| 082 ## - DEWEY DECIMAL CLASSIFICATION NUMBER | |
| Classification number | 891.551 |
| Item number | BAD |
| 100 3# - MAIN ENTRY--PERSONAL NAME | |
| Personal name | باباطاھر عریان ھمدانی۔ |
| 245 0# - TITLE STATEMENT | |
| Title | دیوان کامل بی نظیر باباطاھر عریان ھمدانی / |
| Statement of responsibility, etc. | باباطاھر عریان ھمدانی۔ |
| 246 ## - VARYING FORM OF TITLE | |
| Title proper/short title | Divān-e Kāmil be-nazīr Bābā Ṭāher 'Uryān Hamadānī |
| 260 ## - PUBLICATION, DISTRIBUTION, ETC. (IMPRINT) | |
| Place of publication, distribution, etc. | طھران : |
| Name of publisher, distributor, etc. | مطبعه ارمغان، |
| Date of publication, distribution, etc. | ۱۳۱۱۔ |
| 300 ## - PHYSICAL DESCRIPTION | |
| Extent | ص۔ ۱۰۷ ؛ |
| Dimensions | ۲۱ سم۔ |
| 650 #4 - SUBJECT ADDED ENTRY--TOPICAL TERM | |
| Topical term or geographic name as entry element | Persian poetry. |
| 942 ## - ADDED ENTRY ELEMENTS (KOHA) | |
| Source of classification or shelving scheme | |
| Koha item type | Books |
| Price effective from | Date last seen | Permanent Location | Not for loan | Date acquired | Source of classification or shelving scheme | Koha item type | Lost status | Withdrawn status | Copy number | Source of acquisition | Collection code | Damaged status | Shelving location | Barcode | Current Location | Full call number |
|---|---|---|---|---|---|---|---|---|---|---|---|---|---|---|---|---|
| 2017-11-08 | 2017-11-08 | Dhaka University Library | 2017-11-08 | Books | 1 | purchased | Non Fiction | General Stacks | 33138 | Dhaka University Library | 891.551 BAD |
